Drugs info file : (Record no. 2128)

000 -LEADER
fixed length control field nam a22 a 4500
003 - CONTROL NUMBER IDENTIFIER
control field AKMAL
005 - DATE AND TIME OF LATEST TRANSACTION
control field 20170515122048.0
008 - FIXED-LENGTH DATA ELEMENTS--GENERAL INFORMATION
fixed length control field 170515s1999 xxu 00 eng d
020 ## - INTERNATIONAL STANDARD BOOK NUMBER
International Standard Book Number 0751306231 (pbk.):
Terms of availability RM 300.00
040 ## - CATALOGING SOURCE
Original cataloging agency AKMAL
Transcribing agency AKMAL
082 04 - DEWEY DECIMAL CLASSIFICATION NUMBER
Classification number 362.293 STO
Edition number 19
090 00 - LOCALLY ASSIGNED LC-TYPE CALL NUMBER (OCLC); LOCAL CALL NUMBER (RLIN)
Classification number (OCLC) (R) ; Classification number, CALL (RLIN) (NR) 362.293
Local cutter number (OCLC) ; Book number/undivided call number, CALL (RLIN) STO d
100 1# - MAIN ENTRY--PERSONAL NAME
Personal name Stoppard, Miriam,
Dates associated with a name 1937-
9 (RLIN) 4432
245 10 - TITLE STATEMENT
Title Drugs info file :
Remainder of title from alcohol & tobacco to ectasy & heroin /
Statement of responsibility, etc. Miriam Stoppard
260 ## - PUBLICATION, DISTRIBUTION, ETC.
Place of publication, distribution, etc. London :
Name of publisher, distributor, etc. Dorling Kindersley,
Date of publication, distribution, etc. 1999
300 00 - PHYSICAL DESCRIPTION
Extent 128p. :
Other physical details ill. ;
Dimensions 22cm
500 ## - GENERAL NOTE
General note Includes index
650 #0 - SUBJECT ADDED ENTRY--TOPICAL TERM
Topical term or geographic name entry element Drugs
9 (RLIN) 4433
650 #0 - SUBJECT ADDED ENTRY--TOPICAL TERM
Topical term or geographic name entry element Consumer education
9 (RLIN) 4434
942 ## - ADDED ENTRY ELEMENTS (KOHA)
Source of classification or shelving scheme
Koha item type Book
Holdings
Withdrawn status Lost status Source of classification or shelving scheme Damaged status Not for loan Collection code Home library Current library Date acquired Inventory number Total Checkouts Full call number Barcode Date last seen Price effective from Koha item type
          NON-FICTION AKMAL Melaka AKMAL Melaka 15.05.2017 303296   362.293 STO 201706243 15.05.2017 15.05.2017 Book
          NON-FICTION AKMAL Melaka AKMAL Melaka 15.05.2017 303298   362.293 STO 201706244 15.05.2017 15.05.2017 Book
          NON-FICTION AKMAL Melaka AKMAL Melaka 15.05.2017 303297   362.293 STO 201706245 15.05.2017 15.05.2017 Book
          NON-FICTION AKMAL Melaka AKMAL Melaka 15.05.2017 303295   362.293 STO 201706246 15.05.2017 15.05.2017 Book
Pusat Sumber Maklumat Dato' Haji Sarmin Md Hussin, Akademi Kastam Diraja Malaysia, Melaka
Tel: 06-2331106 | Faks: 06-2313787